00318 a2200109 4500001000700000020000600007040001100013100002000024240008000044245007500124362000900199193207 a  cMagnum aDaolio, Jocimar10aA representacao do trabalho do professor de educacao fisica na escola:lpor10aA representacao do trabalho do professor de educacao fisica na escola:0 a1899